Dùng ẩn phụ để giải toán

Dùng ẩn phụ vào việc giải các phương trình, hệ phương trình, bất phương trình; Dùng ẩn phụ trong việc tính các tích phân, tính giá trị lớn nhất và tính giá trị nhỏ nhất của hàm số; Dùng ẩn phụ trong các bài toán có tham số

Saved in:
Bibliographic Details
Main Author: Nguyễn Thái Hoè
Other Authors: Nguyễn Thái Hòe (Tác giả)
Format: Book
Language:Vietnamese
Published: H. Giáo dục 2000
Edition:Tái bản lần thứ 1
Subjects:
Tags: Add Tag
No Tags, Be the first to tag this record!
Institutions: Mạng thư viện Đại học Đà Nẵng
LEADER 01382nam a2200361 4500
001 000008116
003 4298
005 20120306090332.0
008 111014s2000 viesd
020 |c 10500đ 
041 0 |a vie 
082 |a 510  |b NG-H 
100 0 |a Nguyễn Thái Hoè 
245 0 |a Dùng ẩn phụ để giải toán  |c Nguyễn Thái Hoè 
250 |a Tái bản lần thứ 1 
260 |a H.  |b Giáo dục  |c 2000 
300 |a 215tr  |c 21cm 
520 |a Dùng ẩn phụ vào việc giải các phương trình, hệ phương trình, bất phương trình; Dùng ẩn phụ trong việc tính các tích phân, tính giá trị lớn nhất và tính giá trị nhỏ nhất của hàm số; Dùng ẩn phụ trong các bài toán có tham số 
653 |a Toán học 
653 |a Giải toán 
653 |a Ẩn phụ 
700 |a Nguyễn Thái Hòe  |e Tác giả 
910 |a MPhuong  |d 14/10/2011 
OWN |a LSP 
AVA |a UDN50  |b LSP  |d 510 NG-H  |e available  |t Error 5001 Not defined in file expand_doc_bib_avail.  |f 7  |g 0  |h N  |i 0  |k 1 
999 |a From the UDN01 
AVA |a UDN50  |b LSP  |d 510 NG-H  |e available  |t Error 5001 Not defined in file expand_doc_bib_avail.  |f 7  |g 0  |h N  |i 0  |k 1 
TYP |a Monograph 
TYP |a Printed language 
980 |a Mạng thư viện Đại học Đà Nẵng